000 00572nam a22001937a 4500
003 KOHA_MİRAKIL
005 20251224153937.0
008 251224b tu ||||| |||| 00| 0 tur d
020 _a9786053426431
040 _aTR-AnABB
_btur
_cTR-AnABB
041 _atur
082 _a398.353
_bCOB 2021
100 1 _aÇobanoğlu, Özkul,
245 1 0 _aÂşık tarzı kültür geleneği ve destan türü /
_cÖzkul Çobanoğlu
260 _aAnkara :
_bAkçağ Yayınları,
_c2021
300 _a409 sayfa ;
_c24 cm
650 0 4 _aAşıklık geleneği
942 _2ddc
_cBK
999 _c9951
_d9951
900 _bGizem YORULMAZ